[Event "ESP-chT Primera Division 2019"]
[Site "Linares"]
[Date "2019.08.31"]
[Round "6.16"]
[White "Alshameary Puente, Ismael"]
[Black "Martinez Ramirez, Erik"]
[Result "0-1"]
[WhiteElo "2444"]
[BlackElo "2217"]
[Annotator "TA"]
[PlyCount "100"]
[EventDate "2019.08.26"]
[EventType "team-tourn"]
[EventCountry "ESP"]
[SourceTitle "playchess.com"]
[Source "ChessBase"]
[SourceQuality "1"]

{[%evp 15,100,8,12,-2,-4,0,13,0,8,0,0,0,0,-9,0,0,16,9,10,-14,-8,-49,-48,-54,-49,-98,-99,-83,-93,-83,-41,-115,-145,-184,-93,-93,-93,-93,-97,-101,-102,-108,-87,-87,-90,-80,-89,-420,-437,-358,-385,-1146,-1021,-918,-710,-623,-285,-883,-491,-478,-455,-451,-429,-537,-434,-593,-607,-595,-585,-591,-618,-740,-720,-708,-697,-784,-752,-1116,-900,-29979,-29980,-29980,-29980,-29985,-29986,-29986,-29984]} 1. d4 Nf6 2. c4 g6 3. Nc3 d5 4. cxd5 Nxd5 5. e4 Nxc3 6. bxc3 Bg7 7. Nf3 c5 8. Bb5+ Nc6 {[%cal Rc5d4,Bb8c6,Bc6e5,Be5f3][%mdl 32]} 9. Rb1 {D85: Exchange Grünfeld: Unusual White 7th moves and lines with 7 Nf3} (9. d5 Qa5 10. Rb1 Bxc3+ 11. Bd2 a6 12. Bxc6+ bxc6 13. dxc6 Be6 14. Rc1 Bxd2+ 15. Qxd2 Qb5 16. Qc3 O-O-O {½-½ (33) Gupta,A (2610)-Vachier Lagrave,M (2793) Caleta 2018}) 9... O-O {[%cal Rc5d4]} 10. d5 Ne5 11. O-O {The position is equal.} a6 12. Be2 Nxf3+ $146 ({Predecessor:} 12... Qc7 13. Ne1 c4 14. Be3 b5 15. f4 Nd7 16. e5 Nc5 {½-½ (58) Arkhipov,S-Kuporosov,V Tambov 1982}) 13. Bxf3 Bxc3 14. Be3 Qa5 15. Qb3 Bd4 16. Bxd4 cxd4 17. e5 e6 18. Qd3 exd5 19. Qxd4 Be6 20. a4 Rac8 {[%cal Ba8c8,Bc8c2,Bc2d2][%mdl 32]} 21. Be2 Rc2 22. Bd1 Rd2 23. Qa7 ({Better is} 23. Qf4 $1 $15) 23... d4 $17 24. Rxb7 Bc4 (24... Qxe5 $19 {White must now prevent ...Bc4.} 25. Bf3 Bc4) 25. Bb3 Bxb3 26. Rxb3 Qxa4 27. Rb6 a5 28. Rbb1 d3 $36 {[%mdl 2048] Strongly threatening ...Re2. Black is in control.} 29. e6 {[#]} Re2 $1 30. exf7+ Rxf7 31. Qa8+ $2 {[%mdl 8192]} (31. Rb8+ $17 {is tougher.} Kg7 32. Qc5) 31... Kg7 $19 {Hoping for ...d2.} 32. Qd5 d2 {And now ...Rd7 would win.} 33. f4 $2 (33. Qd3 Qg4 34. Ra1) 33... Qe4 34. Qxe4 Rxe4 {[%mdl 4096] Endgame KRR-KRR} 35. Rfd1 Rd7 (35... Re2 $142 36. h4 Rxf4) 36. g3 $2 (36. Kf2) 36... a4 37. Kf2 a3 38. Ra1 Rd3 39. Ra2 Red4 40. Ke2 Kf6 41. Rc2 Rd7 42. Ra2 Kf5 43. Kf2 h5 44. Rc2 Kg4 45. Rc6 R7d6 46. Rc4 Ra6 {aiming for ...a2.} 47. Rc5 {[#]} Kh3 $1 {Black mates.} 48. Ke2 Rd7 49. g4 a2 50. Rc3+ Kh4 {Accuracy: White = 30%, Black = 66%.} 0-1

[Event "ESP-chT Primera Division 2019"]
[Site "Linares"]
[Date "2019.08.31"]
[Round "6.17"]
[White "Rivas Garcia, Victor"]
[Black "Cori T., Deysi"]
[Result "0-1"]
[WhiteElo "2165"]
[BlackElo "2400"]
[Annotator "TA"]
[PlyCount "94"]
[EventDate "2019.08.26"]
[EventType "team-tourn"]
[EventCountry "ESP"]
[SourceTitle "playchess.com"]
[Source "ChessBase"]
[SourceQuality "1"]

{[%evp 9,94,6,68,60,52,52,47,53,58,60,77,38,38,38,84,82,79,47,72,54,98,74,112,74,112,80,97,99,130,101,119,148,164,126,237,180,277,265,268,265,392,405,397,378,398,409,335,381,367,213,366,98,366,331,260,113,112,120,113,116,106,108,166,57,107,76,107,41,39,41,31,8,33,0,125,127,172,22,90,0,0,-377,-357,-29996,-346,-29997,-29998]} 1. e4 e6 2. d4 d5 3. Nc3 Be7 4. Nf3 Nf6 5. Bd3 a6 (5... c5 $11) (5... c5 6. exd5 exd5 7. dxc5 O-O 8. O-O Bxc5 9. Bg5 Be6 10. Ne2 h6 11. Bh4 Nc6 12. Nf4 Bg4 13. Bxf6 Qxf6 14. Nxd5 Qxb2 15. Rb1 Qxa2 16. Rxb7 Nd4 {½-½ (59) Amonatov,F (2614)-Demidov,M (2520) St Petersburg 2018}) 6. e5 {C10: French with 3 Nc3: Unusual Black 3rd moves and 3...dxe4} Nfd7 7. Ne2 c5 {...c4 is the strong threat.} 8. c3 $1 {White is slightly better.} Nc6 9. O-O b5 10. Be3 Bb7 11. Nf4 $146 ({Predecessor:} 11. Ne1 c4 12. Bc2 f5 13. Nf4 Nf8 14. g4 {1-0 (31) Lohvinov,P (1839)-Henn,P (1751) Neustadt an der Weinstrasse 2018}) 11... c4 12. Bc2 g6 13. Nd2 Qb6 14. b3 cxb3 15. axb3 Rc8 16. Ne2 Qd8 17. Bd3 Nb6 18. b4 Nc4 19. Nxc4 dxc4 20. Be4 Qc7 21. Ng3 Bh4 (21... h5 $16) 22. Qf3 Be7 (22... h6 $142 23. Ra3 Kf8) 23. Bh6 $18 Rg8 24. Rfe1 a5 (24... Rd8 $142 25. Ra2 Ra8) 25. bxa5 {[%cal Bb4a5,Ba5a6][%mdl 32]} b4 26. a6 Ba8 27. Qe2 bxc3 28. Qxc4 Qd7 29. Qa4 (29. Qxc3 $142 {Black must now prevent Qe3.} Bb4 30. Qe3 Bxe1 31. Rxe1 (31. Qxe1 Qxd4 32. Rc1 Qd8 $18)) 29... g5 $2 (29... Nb4 {was called for.} 30. Qd1 c2) 30. Rab1 $2 (30. d5 $18 Nxe5 31. Qc2 (31. Bxh7 Qxa4 32. Rxa4 c2 $15)) 30... Nxe5 $2 {[%mdl 8192]} (30... Nxd4 $16 {was worth a try.} 31. Qxd7+ Kxd7) 31. Qc2 $1 Nc6 {[#]} 32. Qxc3 (32. d5 $1 $18 {[%cal Rd5c6] and the rest is easy.} Nd4 33. Qd3) 32... f5 $16 33. Bf3 {Strongly threatening d5!} g4 34. Bxc6 Bxc6 35. Qb3 Bd5 (35... Kf7 $16) 36. Qb5 (36. Qd3 $18) 36... Bc6 37. Qe5 Kf7 38. Nh5 (38. Bf4 $16) 38... Qd5 $14 39. Qxd5 Bxd5 40. Nf4 Be4 41. Rb6 Rb8 (41... Rc4 $11 {remains equal.}) 42. Rxe6 $16 Rgc8 43. f3 (43. d5 $18) 43... gxf3 {[#]} (43... Bh4 $1 $11 44. g3 (44. fxe4 Bxe1 45. Re5 Rb1 $11) 44... gxf3) 44. gxf3 (44. Rxe7+ $1 $16 Kxe7 45. gxf3 {[%mdl 64] Pin}) 44... Bh4 $11 {And now ...Rg8+ would win.} 45. Re3 $2 {[%mdl 8192]} (45. R1xe4 fxe4 46. Kg2 Rg8+ 47. Kh3 exf3 $19) (45. fxe4 $11 Bxe1 46. Re5 (46. exf5 Bh4 $11) 46... fxe4 47. Rf5+ (47. Rxe4 Re8 $17) 47... Ke7 48. a7) 45... Rg8+ $19 46. Kf1 $2 (46. Rg6 $19 hxg6 47. fxe4) 46... Rb2 $2 (46... Rb1+ {mates} 47. Ke2 Rb2+ 48. Kf1 Rf2+ {[%mdl 64] Double Attack} 49. Ke1 Rg1#) 47. Nh3 $2 (47. Rg6 $19 hxg6 48. fxe4) 47... Rb1+ 0-1

[Event "ESP-chT Primera Division 2019"]
[Site "Linares"]
[Date "2019.08.31"]
[Round "6.18"]
[White "Antunez Munoz, Ines"]
[Black "Garcia-Castany Musellas, Gal.la"]
[Result "1/2-1/2"]
[WhiteElo "1891"]
[BlackElo "2149"]
[Annotator "NA"]
[PlyCount "96"]
[EventDate "2019.08.26"]
[EventType "team-tourn"]
[EventCountry "ESP"]
[SourceTitle "playchess.com"]
[Source "ChessBase"]
[SourceQuality "1"]
[TimeControl "5400+30"]

1. e4 {[%emt 0:00:00]} e5 {[%emt 0:00:00]} 2. Nf3 {[%emt 0:00:00]} Nc6 {[%emt 0:00:00]} 3. d4 {[%emt 0:00:00]} exd4 {[%emt 0:00:10]} 4. Nxd4 {[%emt 0:00:10]} Nf6 {[%emt 0:00:30]} 5. Nxc6 {[%emt 0:00:18]} bxc6 {[%emt 0:00:07]} 6. Qe2 {[%emt 0:00:14]} Qe7 {[%emt 0:09:03]} 7. Nc3 {[%emt 0:00:46]} Qe6 {[%emt 0:03:52]} 8. Bd2 {[%emt 0:01:06]} Bb4 {[%emt 0:07:02]} 9. e5 {[%emt 0:00:37]} Bxc3 {[%emt 0:07:37]} 10. Bxc3 {[%emt 0:01:13]} Nd5 {[%emt 0:00:06]} 11. Bd2 {[%emt 0:07:49]} a5 {[%emt 0:07:50]} 12. f4 {[%emt 0:13:22]} Nb4 {[%emt 0:10:06]} 13. Bxb4 {[%emt 0:08:48]} axb4 {[%emt 0:00:06]} 14. Qc4 {[%emt 0:00:12]} O-O {[%emt 0:03:15]} 15. Be2 {[%emt 0:11:20]} Qe7 {[%emt 0:09:35]} 16. O-O {[%emt 0:02:10]} Ba6 {[%emt 0:02:50]} 17. Qe4 {[%emt 0:00:09]} Qc5+ {[%emt 0:01:31]} 18. Kh1 {[%emt 0:00:33]} d5 {[%emt 0:01:05]} 19. Qf3 {[%emt 0:06:16]} Qxc2 {[%emt 0:00:19]} 20. Bxa6 Rxa6 {[%emt 0:00:04]} 21. f5 {[%emt 0:04:56]} Qxb2 {[%emt 0:05:57]} 22. f6 {[%emt 0:08:13]} Qxe5 {[%emt 0:01:55]} 23. Qg4 {[%emt 0:01:19]} g6 {[%emt 0:01:09]} 24. Rae1 {[%emt 0:04:23]} Qh5 {[%emt 0:02:48]} 25. Qf4 {[%emt 0:01:19]} h6 {[%emt 0:03:47]} 26. Re5 {[%emt 0:11:03]} g5 {[%emt 0:00:30]} 27. Qxb4 {[%emt 0:00:25]} Rxa2 {[%emt 0:00:53]} 28. Rfe1 {[%emt 0:00:17]} Raa8 {[%emt 0:00:30]} 29. Qc5 {[%emt 0:00:48]} Rab8 {[%emt 0:02:44]} 30. Qa3 {[%emt 0:06:30]} Qg6 {[%emt 0:00:40]} 31. Qe7 d4 {[%emt 0:01:33]} 32. Qd7 {[%emt 0:06:15]} Qxf6 {[%emt 0:01:09]} 33. Qxd4 {[%emt 0:00:33]} Rbe8 {[%emt 0:02:08]} 34. h3 {[%emt 0:01:27]} Kg7 {[%emt 0:02:37]} 35. Qc5 {[%emt 0:01:02]} Rxe5 {[%emt 0:00:39]} 36. Rxe5 {[%emt 0:00:26]} Rd8 {[%emt 0:01:47]} 37. Re1 {[%emt 0:00:35]} Rd5 {[%emt 0:00:15]} 38. Qc4 {[%emt 0:00:11]} Rf5 {[%emt 0:00:43]} 39. Rc1 {[%emt 0:00:42]} c5 {[%emt 0:00:24]} 40. Qb5 {[%emt 0:00:47]} c6 {[%emt 0:02:59]} 41. Qc4 {[%emt 0:00:22]} Rf4 {[%emt 0:01:01]} 42. Qxc5 {[%emt 0:02:29]} Rf1+ {[%emt 0:00:04]} 43. Rxf1 {[%emt 0:00:19]} Qxf1+ {[%emt 0:00:03]} 44. Kh2 {[%emt 0:00:03]} Qf4+ {[%emt 0:00:06]} 45. Kh1 {[%emt 0:00:15]} Qe4 {[%emt 0:00:33]} 46. Qc3+ {[%emt 0:00:25]} f6 {[%emt 0:00:45]} 47. Qc5 {[%emt 0:00:15]} Qe1+ {[%emt 0:00:08]} 48. Kh2 {[%emt 0:00:14]} Qe5+ {[%emt 0:00:04]} 1/2-1/2

[Event "ESP-chT Primera Division 2019"]
[Site "Linares"]
[Date "2019.08.31"]
[Round "6.19"]
[White "Gonzalez Merino, Alberto"]
[Black "Alonso Alvarez, Aitor"]
[Result "1-0"]
[WhiteElo "2226"]
[BlackElo "2305"]
[Annotator "TA"]
[PlyCount "119"]
[EventDate "2019.08.26"]
[EventType "team-tourn"]
[EventCountry "ESP"]
[SourceTitle "playchess.com"]
[Source "ChessBase"]
[SourceQuality "1"]

{[%evp 14,119,0,0,43,5,16,11,12,5,5,12,20,9,8,8,6,8,22,16,15,15,22,15,22,25,31,27,39,47,43,41,47,36,45,39,42,42,42,36,65,50,56,37,45,48,67,67,64,48,89,89,97,56,89,56,120,91,94,56,103,28,33,31,42,8,53,20,19,14,17,8,7,11,15,21,26,19,13,12,50,0,0,2,269,252,252,259,347,329,341,265,421,395,402,405,598,642,574,491,723,713,1210,974,29982,29983,29989,29990]} 1. d4 d5 2. Nf3 Nf6 3. c4 e6 4. e3 c6 5. Nc3 Bd6 6. Be2 O-O 7. O-O Nbd7 8. b3 a6 {D45: Semi-Slav: 5 e3} (8... b6 9. Bb2 Bb7 10. Qc2 Qe7 11. Rfe1 Rfe8 12. Rad1 Rad8 13. Bf1 c5 14. cxd5 exd5 15. g3 a6 16. Bg2 Rc8 17. Qb1 h6 18. Nh4 c4 19. Nf5 Qf8 20. Nxd6 Qxd6 21. bxc4 Rxc4 {½-½ (57) Ding,L (2778)-Topalov,V (2749) Shamkir 2018}) 9. a4 b6 10. Ba3 $146 ({Predecessor:} 10. cxd5 exd5 11. Ba3 Bxa3 12. Rxa3 Qe7 13. Ra1 Ne4 14. Rc1 Bb7 15. Ne1 Ndf6 16. Nd3 Nxc3 17. Rxc3 {½-½ (46) Jablokov,D (1742)-Pakalniskis,R (1810) Klaipeda 2017}) 10... Bxa3 {The position is equal.} 11. Rxa3 Qe7 12. Ra1 Bb7 13. Qb1 a5 14. cxd5 Nxd5 15. Nxd5 exd5 16. Qf5 g6 17. Qf4 {aiming for Qc7.} Rfc8 18. Rac1 Nf8 {[%cal Bd7f8,Bf8e6,Be6g7,Bg7f5][%mdl 32]} 19. h4 Ne6 20. Qe5 f6 21. Qg3 Ng7 22. Rc2 Nf5 23. Qf4 Qd6 24. Qxd6 Nxd6 25. Rfc1 Re8 26. Ne1 Nf5 27. g3 Ne7 28. Ng2 Ba6 29. Kf1 Reb8 30. Bxa6 Rxa6 31. Nf4 b5 32. Nd3 Rab6 33. Rc5 Kf7 34. Ke2 Ke6 (34... h5 $14) 35. Ra1 Ra8 36. Kd2 Kd6 37. Rac1 (37. h5 $16) 37... bxa4 $11 38. bxa4 Nf5 39. Kc2 (39. h5 {feels hotter.} gxh5 40. Rh1 Ng7 41. Ke2 Rb3 42. Rhc1) 39... Ng7 40. Rb1 Rxb1 41. Kxb1 {[%mdl 4096] Endgame KRN-KRN} Ne6 42. Rc3 Rb8+ 43. Kc2 Rb6 44. Nc5 Nd8 45. Rb3 Rxb3 $1 46. Kxb3 {KN-KN} g5 47. Kc3 gxh4 $1 48. gxh4 Ne6 $2 {[%mdl 8192]} (48... Kc7 $11) 49. Nb7+ $18 Kc7 50. Nxa5 Kb6 {[#]} 51. Nb3 $1 Ng7 52. Nc5 Nf5 (52... Ka5 {was worth a try.} 53. Nd7 Kxa4 54. Nxf6 h5) 53. Kb4 Nxh4 54. Nd7+ {[%mdl 64] Double Attack} Kb7 (54... Kc7 $142) 55. Nxf6 h6 56. Kc5 Nf3 (56... Nf5 $142 57. a5 Ng7) 57. a5 {[%cal Ba4a5,Ba5a6][%mdl 32]} Ne1 {[#]} 58. a6+ $1 {[%mdl 512]} Kc7 (58... Kxa6 59. Kxc6) 59. Ne8+ Kb8 60. Kb6 {Accuracy: White = 52%, Black = 36%.} 1-0

[Event "ESP-chT Primera Division 2019"]
[Site "Linares"]
[Date "2019.08.31"]
[Round "6.20"]
[White "Andres Gonzalez, Ivan"]
[Black "Rodriguez Amezqueta, Carlos"]
[Result "1-0"]
[WhiteElo "2284"]
[BlackElo "2063"]
[Annotator "TA"]
[PlyCount "125"]
[EventDate "2019.08.26"]
[EventType "team-tourn"]
[EventCountry "ESP"]
[SourceTitle "playchess.com"]
[Source "ChessBase"]
[SourceQuality "1"]

{[%evp 11,125,-27,0,-5,-5,-4,-2,-15,6,0,3,0,0,-18,10,10,19,10,10,16,18,25,25,25,28,20,52,57,57,55,48,50,65,57,69,75,70,70,93,89,79,51,72,72,83,51,51,51,51,46,160,83,83,83,83,83,83,83,83,83,83,83,117,117,117,117,117,116,131,102,153,147,347,340,255,140,450,450,1311,893,1272,707,1781,1555,5497,6099,29969,29969,29969,29970,29970,29971,29970,29972,29972,29973,29977,29978,29978,29979,29977,29980,29980,29981,29979,29980,29984,29985,29985,29986,29986,29987,29987,29988,29988,29989]} 1. e4 e6 2. d4 d5 3. Nc3 Bb4 4. e5 c5 5. dxc5 Ne7 6. Nf3 Nd7 7. Bd3 {C17: French: 3 Nc3 Bb4 4 e5 c5 sidelines} Nxc5 8. O-O Nxd3 9. cxd3 {The position is equal.} Nc6 (9... Bd7 10. Ne2 Nc6 11. d4 Be7 12. Nf4 h5 13. Nh3 Qb6 14. Bg5 f6 {½-½ (46) Dominguez Perez,L (2739)-Ivanchuk,V (2747) Doha 2016}) 10. Ne2 $146 ({Predecessor:} 10. Bg5 Qa5 11. Ne2 h6 12. Be3 Qd8 13. a3 Ba5 14. Rc1 Bc7 15. d4 O-O 16. b4 f5 17. h4 Bd7 18. h5 Bb6 19. Nf4 Qe8 20. Qd2 {½-½ (20) Lamford,P-Holland,C England 1989}) 10... O-O 11. a3 Be7 12. Re1 f6 13. exf6 Bxf6 14. d4 e5 15. dxe5 Nxe5 16. Nxe5 Bxe5 17. Ng3 Qd6 18. Qe2 Bxg3 19. hxg3 Bd7 20. Bf4 $36 {[%mdl 2048] White has good play.} Qg6 21. Qe7 Rf7 22. Qc5 Qc6 23. Qd4 Qc4 24. Qd2 Re8 25. Rxe8+ Bxe8 26. Qe3 (26. Rc1 $5 {[%cal Rc1c4]} Qb5 27. Rc8 $16) 26... Bc6 27. Qxa7 d4 28. Qb8+ Rf8 29. Qd6 Re8 30. Rd1 Bd5 (30... h6 $14) 31. Qd7 (31. Rc1 $142 Qb3 32. Qd7 (32. Be5 d3 $16)) 31... Bc6 $16 32. Qxd4 Re1+ 33. Kh2 Qxd4 34. Rxd4 {[%mdl 4096] Endgame KRB-KRB} Re2 35. Rd2 Rxd2 36. Bxd2 {KB-KB} Kf7 37. g4 g6 38. Kg3 Kf6 39. f3 g5 40. Kf2 Bd7 ({Black should try} 40... Kg6 41. Ke2 h6) 41. Ke3 Be6 $2 {[#]} (41... Ke5 $16 42. Bc3+ Ke6) 42. Kd4 $18 Bd7 43. b3 (43. Kc5 $18) 43... Kg6 $2 {[%mdl 8192]} (43... Bb5 $16 {is tougher.} 44. Ke3 Be8) 44. a4 h5 (44... b6 $142 45. Be3 h5 46. gxh5+ Kxh5) 45. gxh5+ Kxh5 46. g3 Bc6 47. f4 gxf4 48. Bxf4 Kg4 49. Kc5 {White mates.} Kf5 50. a5 Bf3 51. Kb6 Ke6 52. b4 {[%cal Bb3b4,Bb4b5,Bb5a6,Ba6a7][%mdl 32]} Kd7 53. b5 Kc8 54. a6 bxa6 55. bxa6 Bg4 56. a7 Bf3 {[#]} 57. g4 $1 Kd7 (57... Bxg4 58. a8=Q+) 58. g5 Be4 59. g6 Ke6 60. g7 Kf7 61. Be5 Bd5 62. Kc7 Kg8 63. Kb8 {Accuracy: White = 77%, Black = 22%.} 1-0

[Event "ESP-chT Primera Division 2019"]
[Site "Linares"]
[Date "2019.08.31"]
[Round "6.21"]
[White "Fernandez Gonzalez, Juan Carlos"]
[Black "Vergara Anton, Diego"]
[Result "0-1"]
[WhiteElo "2396"]
[BlackElo "2128"]
[Annotator "TA"]
[PlyCount "112"]
[EventDate "2019.08.26"]
[EventType "team-tourn"]
[EventCountry "ESP"]
[SourceTitle "playchess.com"]
[Source "ChessBase"]
[SourceQuality "1"]

{[%evp 16,112,21,20,31,43,29,12,48,47,90,97,57,40,74,92,101,18,6,23,17,18,17,15,20,31,43,0,33,-4,0,-1,0,0,0,-46,-46,-182,-182,-235,-225,-254,-210,-277,-277,-249,-249,-249,-246,-402,-338,-543,-531,-553,-375,-29979,-360,-760,-415,-778,-681,-610,-460,-931,-890,-886,-803,-1012,-1392,-2405,-829,-1245,0,-2150,-2150,-29969,-29970,-29973,-29973,-29977,-29973,-29973,-29972,-6079,-5811,-29978,-29979,-29979,-29980,-29981,-29982,-29984,-29985,-29985,-29984,-29984,-29985,-29997,-29998]} 1. Nf3 d5 2. e3 Nf6 3. b3 g6 4. Bb2 Bg7 5. c4 dxc4 6. Bxc4 O-O 7. O-O c5 8. d4 cxd4 9. Nxd4 Nbd7 {E60: King's Indian: Unusual lines and Fianchetto Variation without Nc3} (9... Bd7 10. Nd2 Nc6 11. N2f3 Qa5 12. a3 Nxd4 13. Bxd4 Bb5 14. b4 Qa6 15. Bxb5 Qxb5 16. a4 Qf5 17. Rc1 {½-½ (47) Short,N (2680)-Meier,G (2623) Warsaw 2013}) 10. Nd2 Nb6 11. Be2 Re8 $146 {The position is equal.} (11... e5 $5 {[%cal Re5d4]} 12. N4f3 e4 $11) ({Predecessor:} 11... Nfd5 12. Rc1 Bd7 13. Ne4 Nb4 14. a3 Nc6 {0-1 (31) Klevets,K (1815)-Abramov,N (1932) St Petersburg 2012}) 12. Rc1 e5 13. Nb5 $1 Nfd5 14. Nc4 Qg5 15. Nxb6 Nxb6 16. Kh1 ({White should play} 16. h4 $16 Qxh4 17. Nc7) 16... Rd8 $11 17. Qe1 $1 Nd5 18. Nc7 Nxc7 19. Rxc7 Be6 20. f4 exf4 21. Bxg7 Kxg7 22. Bc4 Bxc4 $40 {[%mdl 128] Black has some attack.} 23. bxc4 Qe5 24. Rxb7 Re8 25. Qh4 Qxe3 {Hoping for ...Rac8.} 26. h3 {[#]} (26. Rb3 $1 $15 Qd4 27. Rbf3 (27. Rh3 h5 $17)) 26... Re4 $1 $19 27. Qg4 (27. Rc7 $142) 27... Rae8 28. Rc7 Qd4 {Threatens to win with ...Re1.} 29. Qd7 Qxd7 30. Rxd7 Rxc4 31. Rxa7 {[%mdl 4096] Endgame KRR-KRR} Re2 32. a4 $2 (32. Ra5) 32... Ra2 33. a5 $2 (33. Ra5) 33... g5 34. Rd1 {White hopes to continue with Rdd7.} Rc5 35. Rdd7 $2 (35. Re7 $19) 35... Rf5 $2 (35... Ra1+ {mates} 36. Kh2 Rf5 37. Rd2 Rfxa5 38. Rxa5 Rxa5 39. Kg1 Kg6 40. Rd6+ f6 41. Rd8 h5 42. Rg8+ Kf5 43. Rh8 Ra1+ 44. Kf2 Ra2+ 45. Kf1 {[#]} f3 $1 {[%mdl 512]} 46. gxf3 h4 47. Rb8 Kf4 48. Rb6 Kxf3 49. Rb3+ Kf4 50. Kg1 Re2 51. Rb6 Kf3 52. Rxf6+ Kg3 53. Kf1 Ra2 54. Rf5 g4 55. hxg4 h3 56. Rh5 Ra1+ 57. Ke2 Kxg4 58. Rh7 h2 59. Rg7+ Kf4 60. Rf7+ Kg5 61. Rh7 h1=Q 62. Rxh1 Rxh1 63. Kd3 Kf4 64. Kc4 Ke4 65. Kc5 Rd1 66. Kc4 Rc1+ 67. Kb4 Kd5 68. Kb3 Kd4 69. Kb2 Rc3 70. Ka2 Kc4 71. Kb2 Kb4 72. Ka2 Rc2+ 73. Ka1 Kc3 74. Kb1 Kb3 75. Ka1 Rc1#) 36. Rd3 $2 (36. Kg1) 36... Raxa5 37. Rxa5 (37. Ra3 $142 Rxa3 38. Rxa3) 37... Rxa5 {KR-KR} 38. Kg1 Ra2 39. Rd5 (39. h4 $142 f6 40. Rd6) 39... Kg6 40. Rb5 f6 41. Rc5 h5 42. Rb5 Re2 (42... g4 $142 43. Rb1 Kg5) 43. Rc5 Ra2 (43... g4 $142 44. Rc3 Rb2) 44. Rb5 $1 g4 45. hxg4 hxg4 46. Rc5 f5 47. Rc8 Kg5 48. Rh8 f3 49. gxf3 g3 50. Rg8+ Kf4 {Black mates.} 51. Rf8 Rf2 52. Rb8 Kxf3 53. Rf8 f4 54. Rb8 Ra2 55. Rb3+ Kg4 56. Rb8 Ra1+ 0-1

[Event "ESP-chT Primera Division 2019"]
[Site "Linares"]
[Date "2019.08.31"]
[Round "6.22"]
[White "Gonzalez Guedes, Iyan"]
[Black "Vaya Gomez, Alejandro"]
[Result "1-0"]
[WhiteElo "2115"]
[BlackElo "2032"]
[Annotator "NA"]
[PlyCount "63"]
[EventDate "2019.08.26"]
[EventType "team-tourn"]
[EventCountry "ESP"]
[SourceTitle "playchess.com"]
[Source "ChessBase"]
[SourceQuality "1"]
[TimeControl "5400+30"]

1. e4 {[%emt 0:00:00]} g6 2. d4 {[%emt 0:00:03]} Bg7 {[%emt 0:00:00]} 3. Nc3 {[%emt 0:00:13]} d6 {[%emt 0:00:00]} 4. Be3 {[%emt 0:00:20]} a6 {[%emt 0:00:04]} 5. Qd2 {[%emt 0:01:21]} b5 {[%emt 0:00:12]} 6. f3 {[%emt 0:01:18]} Bb7 {[%emt 0:00:26]} 7. h4 {[%emt 0:01:04]} Nd7 {[%emt 0:02:51]} 8. h5 {[%emt 0:06:32]} c5 {[%emt 0:00:40]} 9. g4 {[%emt 0:08:00]} Qc7 {[%emt 0:15:04]} 10. h6 {[%emt 0:16:24]} Bf8 {[%emt 0:11:21]} 11. d5 {[%emt 0:10:15]} O-O-O {[%emt 0:05:38]} 12. g5 {[%emt 0:09:20]} Kb8 {[%emt 0:04:43]} 13. Nh3 {[%emt 0:07:39]} Re8 {[%emt 0:24:08]} 14. O-O-O {[%emt 0:08:49]} e5 {[%emt 0:02:39]} 15. dxe6 {[%emt 0:01:35]} fxe6 {[%emt 0:00:09]} 16. Nf4 {[%emt 0:02:23]} Ne5 {[%emt 0:01:56]} 17. Qf2 {[%emt 0:01:34]} b4 {[%emt 0:03:52]} 18. Nb1 {[%emt 0:02:12]} d5 {[%emt 0:12:10]} 19. exd5 {[%emt 0:03:55]} exd5 {[%emt 0:00:05]} 20. Nxd5 {[%emt 0:00:48]} Qf7 {[%emt 0:00:52]} 21. c4 {[%emt 0:00:40]} Qxf3 {[%emt 0:02:45]} 22. Qxf3 {[%emt 0:02:06]} Nxf3 {[%emt 0:00:07]} 23. Bf4+ {[%emt 0:00:26]} Ka7 {[%emt 0:00:34]} 24. Bg2 {[%emt 0:01:13]} Nd4 {[%emt 0:00:54]} 25. Rhe1 {[%emt 0:00:36]} Ne7 {[%emt 0:08:10]} 26. Bd6 {[%emt 0:02:43]} Nxd5 {[%emt 0:01:31]} 27. Rxe8 {[%emt 0:00:35]} Bxd6 {[%emt 0:00:28]} 28. Rxh8 {[%emt 0:00:42]} Bf4+ {[%emt 0:00:16]} 29. Nd2 {[%emt 0:00:35]} b3 {[%emt 0:01:32]} 30. axb3 {[%emt 0:01:18]} Nxb3+ {[%emt 0:00:51]} 31. Kb1 {[%emt 0:00:35]} Ne3 {[%emt 0:00:47]} 32. Bxb7 {[%emt 0:00:49]} 1-0